000 00781nam a2200289 a 4500
003 AR-BaBNM
005 20251128204431.0
008 082120s2002 ||||||||||||||000 | spa||
020 _a950-13-9027-6
040 _cAR-BaBNM
100 1 _aBeckmann, W.
245 0 0 _aGrabados en cobre
260 _aBuenos Aires
_bKapelusz
_c1972
300 _a39 p.
_bil., láms.
490 0 _aCómo hacer
500 _aContiene planos en un soporte de papel fijado a la retiración de contratapa
650 4 _aARTE
650 4 _aACTIVIDADES CULTURALES
650 4 _aARTESANIAS
650 4 _aGRABADO
650 4 _aMETALES
650 4 _aEDUCACION ARTISTICA
650 4 _aTRABAJO ARTISTICO DEL METAL
700 1 _aStock, Yolanda K. de
_etraductor
942 _cBK
998 _cEnrique
999 _c7411
_d7411